[Event "Tourn. n8855"]
[Site "www.chess-mail.com"]
[Date "2016.07.06"]
[Round "1"]
[White "Ranjachess"]
[Black "Cal"]
[WhiteElo "1690"]
[BlackElo "1600"]
[Result "0-1"]
[Round "1"]
1.d4 d5
2.Nb1c3 e6
3.a3 h6
4.e4 dxe4
5.Nc3xe4 Nb8c6
6.Bf1b5 Bc8d7
7.d5 exd5
8.Qd1xd5 Ng8e7
9.Qd5b3 Nc6e5
10.Ne4c5 Ra8b8
11.Nc5xb7 Rb8xb7
12.Bb5xd7 Qd8xd7
13.Qb3xb7 Ne7c6
14.Bc1f4 Bf8d6
15.O-O-O Ne5c4
16.b3 Bd6xf4
17.Rd1d2 Qd7xd2
18.Kb1 Qd2d1
19.Ka2 Qd1xc2
20.Ka1 Qc2b2

0-1

[Event "Match"]
[Site "www.echecsemail.com"]
[Date "2016.07.06"]
[Round "1"]
[White "Ranjachess"]
[Black "Rindrandria"]
[WhiteElo "1690"]
[BlackElo "1650"]
[Result "1-0"]
[Round "1"]
1.e4 e5
2.d4 Qd8f6
3.Ng1f3 Nb8c6
4.d5 Nc6a5
5.Bc1d2 Qf6b6
6.Nf3xe5 Qb6xb2
7.Bd2c3 Qb2b6
8.Bc3xa5 Qb6xa5
9.Nb1d2 Bf8a3
10.Ra1b1 a6
11.Ne5c4 Qa5c5
12.c3 b5
13.Nd2b3 Qc5a7
14.Nc4xa3 d6
15.Bf1e2 Ng8f6
16.Be2d3 Nf6g4
17.Qd1f3 Ng4e5
18.Qf3e3 Qa7b8
19.Nb3d4 Bc8d7
20.Nd4c2 c5
21.Na3c4 Qb8c7
22.Nc4xe5 dxe5
23.Qe3g3 g6
24.Nc2e3 Qc7a5
25.O-O Qa5xc3
26.Ne3g4 Bd7xg4
27.Bd3xb5 Bg4d7
28.Bb5xd7 Kxd7
29.Qg3xc3 f6
30.Qc3xc5 Rh8c8
31.Rb1b7 Rc8c7
32.Qc5xc7 Ke8
33.Qc7e7 
1-0

[Event "Match"]
[Site "www.echecsemail.com"]
[Date "2016.07.06"]
[Round "1"]
[White "Billyg"]
[Black "Daquata"]
[WhiteElo "1590"]
[BlackElo "1750"]
[Result "0-1"]
[Round "1"]
1.e4 c5
2.Ng1f3 d6
3.Bf1b5 Bc8d7
4.Bb5xd7 Nb8xd7
5.O-O g6
6.d4 cxd4
7.Qd1xd4 Ng8f6
8.Bc1g5 Bf8g7
9.c3 O-O
10.Qd4b4 Qd8c7
11.Nb1d2 Nd7c5
12.Bg5xf6 Bg7xf6
13.Rf1e1 Nc5d3
14.Qb4c4 Qc7xc4
15.Re1d1 Qc4c7
16.Nd2b3 Nd3e5
17.Nf3xe5 Bf6xe5
18.Rd1d5 e6
19.Rd5d3 Qc7c4
20.Rd3e3 a5
21.Nb3d2 Qc4b5
22.Ra1b1 Rf8c8
23.c4 Qb5c5
24.a3 Be5f4
25.Nd2b3 Qc5xc4
26.Re3c3 Qc4xe4
27.Rc3xc8 Ra8xc8
28.g3 Qe4xb1
29.Kg2 Qb1e4
{ resign }
0-1

[Event "1/64 Finale"]
[Site "www.chess-mail.com"]
[Date "2016.07.06"]
[Round "1"]
[White "Pimpampum"]
[Black "Julian"]
[WhiteElo "2180"]
[BlackElo "2060"]
[Result "1-0"]
[Round "1"]
1.e4 c5
2.Ng1f3 Nb8c6
3.c3 e5
4.d4 cxd4
5.cxd4 exd4
6.Nf3xd4 d5
7.Bf1b5 Ng8f6
8.Nd4xc6 Qd8b6
9.Nc6d4 Bc8d7
10.Bb5xd7 Nf6xd7
11.O-O dxe4
12.Nb1c3 O-O-O
13.Nc3xe4 Kb8
14.Bc1f4 Ka8
15.Nd4b3 Bf8b4
16.Qd1g4 g6
17.Ne4g5 f5
18.Qg4f3 Rh8e8
19.Ng5xh7 Re8h8
20.Nh7g5 Rh8h4
21.Ra1d1 Nd7f6
22.Rd1xd8 Qb6xd8
23.Rf1d1 Qd8xd1
24.Qf3xd1 { resign }
1-0

[Event "Eq:Equipo Juan Diaz-Slap Shot Mates : "]
[Site "www.chess-mail.com"]
[Date "2016.07.06"]
[Round "1"]
[White "Jpmartinez"]
[Black "Yomismista"]
[WhiteElo "2580"]
[BlackElo "2590"]
[Result "1-0"]
[Round "1"]
1.c4 Ng8f6
2.Nb1c3 d5
3.cxd5 Nf6xd5
4.g3 e6
5.Bf1g2 Bf8e7
6.Ng1f3 O-O
7.O-O c5
8.d4 Nb8c6
9.e4 Nd5xc3
10.bxc3 cxd4
11.cxd4 b6
12.d5 exd5
13.exd5 Nc6b4
14.Nf3e5 Bc8b7
15.Bc1a3 Be7c5
16.Ne5c6 Qd8d6
17.Nc6xb4 Bc5xb4
18.Ba3xb4 Qd6xb4
19.Qd1d3 Rf8d8
20.Rf1e1 g6
21.Ra1d1 Rd8d7
22.h4 Ra8d8
23.Re1e4 Qb4c5
24.Qd3e2 h5
25.Re4e8 Kh7
26.Re8xd8 Rd7xd8
27.Qe2e5 Qc5d6
28.f4 Kg8
29.Qe5xd6 Rd8xd6
30.Kf2 Kf8
31.Ke3 Ke7
32.Kd4 Rd6d8
33.Rd1f1 Kf6
34.Bg2e4 Rd8c8
35.Rf1f3 Rc8c1
36.f5 g5
37.hxg5 Kxg5
38.Rf3a3 a5
39.Ra3b3 Rc1d1
40.Ke5 { resign }
1-0

[Event "Fast Game"]
[Site "www.echecsemail.com"]
[Date "2016.07.06"]
[Round "1"]
[White "Attatroll"]
[Black "Jhzes"]
[WhiteElo "1880"]
[BlackElo "1680"]
[Result "1-0"]
[Round "1"]
1.d4 e6
2.c4 c5
3.Ng1f3 cxd4
4.Nf3xd4 Nb8c6
5.Nd4b5 a6
6.Nb5d6 Bf8xd6
7.Qd1xd6 Qd8a5
8.Bc1d2 Qa5f5
9.Nb1c3 Ng8f6
10.e3 Nf6g4
11.Qd6g3 O-O
12.e4 Qf5h5
13.Bf1e2 f5
14.h3 Nc6e5
15.O-O-O Qh5f7
16.hxg4 fxg4
17.Qg3xe5 Qf7xf2
18.Be2xg4 Qf2xg2
19.Rd1g1 { resign }
1-0

[Event "Tourn. n8850"]
[Site "www.chess-mail.com"]
[Date "2016.07.07"]
[Round "1"]
[White "Ffdd65"]
[Black "Guidom"]
[WhiteElo "2180"]
[BlackElo "2030"]
[Result "1-0"]
[Round "1"]
1.e4 e5
2.Ng1f3 Nb8c6
3.Bf1b5 Bf8c5
4.Bb5xc6 dxc6
5.O-O Bc8g4
6.h3 Bg4xf3
7.Qd1xf3 Qd8f6
8.Qf3e2 O-O-O
9.d3 Ng8e7
10.Bc1e3 Bc5b6
11.Nb1d2 Ne7g6
12.Nd2c4 Ng6f4
13.Be3xf4 Qf6xf4
14.Nc4xb6 cxb6
15.Qe2e3 Qf4xe3
16.fxe3 { resign }
1-0

[Event "Tourn. n8788"]
[Site "www.chess-mail.com"]
[Date "2016.07.07"]
[Round "1"]
[White "Claudia"]
[Black "Gfalk"]
[WhiteElo "1880"]
[BlackElo "1890"]
[Result "1-0"]
[Round "1"]
1.d4 f5
2.Nb1c3 Ng8f6
3.Bc1f4 d6
4.e3 g6
5.Ng1f3 Bf8g7
6.Bf1c4 e6
7.Qd1e2 d5
8.Bc4d3 c6
9.Nf3e5 Nb8d7
10.f3 O-O
11.O-O-O Qd8a5
12.h4 Nd7xe5
13.Bf4xe5 b5
14.a3 Nf6d7
15.Be5xg7 Kxg7
16.e4  { time }
1-0

[Event "Tourn. n8740"]
[Site "www.chess-mail.com"]
[Date "2016.07.07"]
[Round "1"]
[White "Gatrooper"]
[Black "Claudia"]
[WhiteElo "1480"]
[BlackElo "1830"]
[Result "0-1"]
[Round "1"]
1.e4 c5
2.c4 d6
3.d3 e6
4.h3 Ng8f6
5.Ng1f3 Bf8e7
6.Nb1c3 O-O
7.a3 Nb8c6
8.Bc1g5 h6
9.Bg5xf6 Be7xf6
10.Bf1e2 a6
11.e5 dxe5
12.O-O Nc6d4
13.Nf3xd4 exd4
14.Nc3e4 Bf6e7
15.Be2h5 b6
16.Qd1f3 Ra8b8
17.Qf3f4 Bc8b7
18.g4 g6
19.Bh5xg6 fxg6
20.Qf4xh6 Bb7xe4
21.dxe4 Rf8f6
22.h4 Qd8f8
23.Qh6xf8 Rb8xf8
24.g5 Rf6f4
25.b3 Rf4xh4
26.Ra1a2 Be7xg5
27.e5 Rh4g4
28.Kh1 Kg7
29.f3 Rf8h8
30.Ra2h2 Rh8xh2
31.Kxh2 Bg5f4
32.Kh3 Rg4g3
33.Kh4 g5
34.Kh5 Rg3h3
35.Kg4 Rh3h4
{ resign }
0-1

[Event "Tourn. n8857"]
[Site "www.chess-mail.com"]
[Date "2016.07.07"]
[Round "1"]
[White "Libiesse"]
[Black "Kampungboy"]
[WhiteElo "1990"]
[BlackElo "2190"]
[Result "0-1"]
[Round "1"]
1.d4 Ng8f6
2.c4 e5
3.dxe5 Nf6g4
4.Ng1h3 Ng4xe5
5.e3 Bf8b4
6.Bc1d2 a5
7.Bf1e2 d6
8.Bd2xb4 axb4
9.O-O Bc8xh3
10.gxh3 O-O
11.Kh1 Nb8d7
12.b3 Nd7c5
13.Rf1g1 Qd8f6
14.f3 Ne5xf3
15.Be2xf3 Qf6xa1
16.Qd1d5 Ra8xa2
{ resign }
0-1

[Event "Tourn. n8837"]
[Site "www.chess-mail.com"]
[Date "2016.07.07"]
[Round "1"]
[White "Libiesse"]
[Black "Kampungboy"]
[WhiteElo "2050"]
[BlackElo "2010"]
[Result "0-1"]
[Round "1"]
1.d4 Ng8f6
2.c4 g6
3.Nb1c3 d5
4.cxd5 Nf6xd5
5.Ng1f3 Bf8g7
6.Bc1g5 h6
7.Bg5h4 Bc8g4
8.e3 O-O
9.Bf1e2 Nd5xc3
10.bxc3 c5
11.O-O Nb8c6
12.Ra1b1 Qd8d5
13.c4 Qd5d7
14.d5 Nc6b4
15.a3 Nb4a2
16.Rb1b3 Na2c3
17.Qd1d2 Nc3xe2
18.Qd2xe2 b6
19.h3 Bg4xf3
20.Qe2xf3 Qd7a4
21.e4 g5
22.Bh4xg5 hxg5
23.Rf1c1 Ra8d8
24.h4 gxh4
25.Rc1c3 Bg7xc3
{ resign }
0-1

[Event "Tourn. n8839"]
[Site "www.chess-mail.com"]
[Date "2016.07.07"]
[Round "1"]
[White "Gatrooper"]
[Black "Nulladies"]
[WhiteElo "1610"]
[BlackElo "1550"]
[Result "1-0"]
[Round "1"]
1.e4 c5
2.c4 g6
3.a3 Bf8g7
4.d3 Nb8c6
5.Ng1f3 d6
6.h3 b6
7.Nf3g5 h6
8.Ng5f3 Ng8f6
9.Nb1c3 O-O
10.Nc3d5 Nf6xd5
11.cxd5 Nc6e5
12.Nf3xe5 Bg7xe5
13.Bc1xh6 Rf8e8
14.Qd1f3 Be5xb2
15.Ra1b1 Bb2xa3
16.d4 Ba3b4
17.Bh6d2 Bb4xd2
18.Kxd2 Re8f8
19.h4 f5
20.exf5 Rf8xf5
21.Qf3g3 Kg7
22.Bf1d3 Rf5f6
23.h5 Qd8h8
24.Bd3xg6 Qh8f8
25.h6 Kh8
26.h7 Rf6xf2
27.Kc1 Qf8f4
28.Qg3xf4 Rf2xf4
29.g3 Rf4xd4
30.Rb1b2 Rd4xd5
31.Rb2f2 Bc8e6
32.Bg6e4 Ra8e8
33.Be4xd5 Be6xd5
34.Rh1h5 a5
35.Rf2f5 Bd5e4
36.Rf5g5 Be4xh7
37.Rg5g4 Re8g8
38.Rg4h4 Rg8g7
39.g4 b5
40.g5 a4
41.Rh5h6 a3
42.g6 a2
43.Kb2 Kg8
44.gxh7 Kh8
45.Rh4f4 Rg7g2
46.Ka1 b4
47.Rf4f8 { resign }
1-0

[Event "Tourn. n8793"]
[Site "www.chess-mail.com"]
[Date "2016.07.07"]
[Round "1"]
[White "Masteratches"]
[Black "Romaamor69"]
[WhiteElo "2650"]
[BlackElo "2230"]
[Result "1-0"]
[Round "1"]
1.d4 e6
2.c4 Bf8b4
3.Nb1c3 Ng8f6
4.e3 c5
5.Ng1e2 d5
6.a3 Bb4xc3
7.Ne2xc3 cxd4
8.exd4 dxc4
9.Bf1xc4 Nb8c6
10.Bc1e3 O-O
11.O-O b6
12.Qd1f3 Bc8b7
13.Bc4d3 Qd8d7
14.Qf3h3 Nc6e7
15.Be3g5 Ne7g6
16.Bg5xf6 gxf6
17.Ra1d1 Rf8d8
18.Bd3e4 Bb7xe4
19.Nc3xe4 Kg7
20.Ne4g3 Qd7e7
21.d5 Ra8c8
22.dxe6 fxe6
23.Rd1e1 Qe7d7
24.Ng3h5 Kf7
25.Qh3e3 Qd7e8
26.Qe3h6 Qe8h8
27.Re1e3 Rd8d6
28.Rf1e1 Rc8c4
29.h3 a6
30.Re3g3 Qh8g8
31.Re1c1 Rc4xc1
32.Qh6xc1 Qg8d8
33.Qc1h6 Qd8g8
34.Rg3c3 e5
35.Qh6c1 Qg8e8
36.Rc3c7 Ng6e7
37.Qc1c2 Kg8
38.Nh5g3 Qe8g6
39.Ng3e4 Rd6e6
40.Qc2c4 Qg6f7
41.Rc7d7 { resign }
1-0

[Event "Tourn. n8812"]
[Site "www.chess-mail.com"]
[Date "2016.07.07"]
[Round "1"]
[White "Raven16"]
[Black "Seger"]
[WhiteElo "2200"]
[BlackElo "2770"]
[Result "0-1"]
[Round "1"]
1.d4 Ng8f6
2.c4 e6
3.Ng1f3 b6
4.g3 Bc8b7
5.Bf1g2 Bf8e7
6.O-O O-O
7.Nb1c3 Nf6e4
8.Qd1c2 Ne4xc3
9.bxc3 Nb8c6
10.e4 Nc6a5
11.Nf3d2 d6
12.f4 Bb7a6
13.Qc2a4 Qd8e8
14.Qa4xe8 Ra8xe8
15.Rf1f2 Na5xc4
16.Nd2xc4 Ba6xc4
17.a4 f6
18.Bc1e3 d5
19.a5 b5
20.Rf2b2 Kf7
21.Be3c1 a6
22.Rb2f2 f5
23.e5 c5
24.Bc1a3 Bc4d3
25.Rf2d2 Bd3e4
26.Bg2xe4 fxe4
27.Kf2 b4
28.cxb4 cxb4
29.Ba3b2 Re8c8
30.Ra1c1 Rc8xc1
31.Bb2xc1 Rf8c8
32.Bc1b2 Be7d8
{ resign }
0-1

[Event "Tourn. n8785"]
[Site "www.chess-mail.com"]
[Date "2016.07.07"]
[Round "1"]
[White "Julian"]
[Black "Jhzes"]
[WhiteElo "2050"]
[BlackElo "2259"]
[Result "1-0"]
[Round "1"]
1.e4 c5
2.Ng1f3 e6
3.c3 a6
4.d4 b5
5.Bc1g5 f6
6.Bg5e3 d6
7.Nb1d2 c4
8.g3 Bc8b7
9.Bf1g2 Ng8e7
10.O-O Nb8c6
11.b3 cxb3
12.axb3 d5
13.Nf3e1 dxe4
14.Nd2xe4 f5
15.Ne4c5 Bb7c8
16.Ne1d3 Ne7d5
17.c4 Nd5e7
18.Nd3e5 Qd8c7
19.Ne5xc6 Ne7xc6
20.Rf1e1 bxc4
21.bxc4 Bf8xc5
22.d5 Bc5xe3
23.Re1xe3 Nc6d8
24.dxe6 Ra8a7
25.Qd1a4 Nd8c6
26.Bg2xc6 Ke7
27.Ra1d1 Rh8f8
28.Qa4a3 { resign }
1-0

[Event "Tourn. n8862"]
[Site "www.chess-mail.com"]
[Date "2016.07.07"]
[Round "1"]
[White "Kampungboy"]
[Black "Vitoriccardo"]
[WhiteElo "2210"]
[BlackElo "2030"]
[Result "1-0"]
[Round "1"]
1.e4 e6
2.d4 d5
3.Nb1c3 Bf8b4
4.e5 Bb4xc3
5.bxc3 c5
6.Qd1g4 Ng8e7
7.Qg4xg7 Rh8g8
8.Qg7xh7 cxd4
9.cxd4 Bc8d7
10.Ng1f3 Nb8c6
11.Nf3g5 Rg8xg5
12.Bc1xg5 Nc6xd4
13.Qh7h8 { resign }
1-0

[Event "Tourn. n8708"]
[Site "www.chess-mail.com"]
[Date "2016.07.07"]
[Round "1"]
[White "Yangqi"]
[Black "Greghghs"]
[WhiteElo "2640"]
[BlackElo "2350"]
[Result "1-0"]
[Round "1"]
1.e4 e5
2.f4 exf4
3.Ng1f3 Bf8e7
4.Nb1c3 Be7h4
5.Ke2 d5
6.Nc3xd5 Ng8f6
7.Nd5xf6 Qd8xf6
8.d4 Bc8g4
9.c3 O-O
10.Qd1d2 Rf8e8
11.Qd2xf4 Qf6xf4
12.Bc1xf4 Re8xe4
13.Kd3 Re4xf4
14.Nf3xh4 Nb8d7
15.h3 Bg4e6
16.Nh4f3 Be6d5
17.Ke3 Rf4e4
18.Kf2 Re4e7
19.Bf1d3 Ra8e8
20.a3 Nd7f6
21.Ra1e1 Bd5e4
22.Bd3c4 c6
23.Re1e2 Be4d5
24.Re2xe7 Re8xe7
25.Nf3d2 Kf8
26.Bc4xd5 Nf6xd5
27.g3 Nd5f6
28.Kf3 Ke8
29.Rh1h2 Kd7
30.g4 h6
31.Rh2e2 Re7xe2
32.Kxe2 Ke6
33.Kf3 Kd5
34.Ke3 Ke6
35.Nd2c4 Nf6d5
36.Ke4 Nd5f6
37.Kf3 Nf6e8
38.Ke4 Ne8d6
39.Nc4xd6 Kxd6
40.c4 c5
41.d5 g6
42.h4 a5
43.a4 Ke7
44.Ke5 f6
45.Kf4 Kf7
46.h5 { resign }
1-0

[Event "Tourn. n8722"]
[Site "www.chess-mail.com"]
[Date "2016.07.07"]
[Round "1"]
[White "Azulmarino"]
[Black "Osmundw"]
[WhiteElo "1510"]
[BlackElo "1350"]
[Result "1-0"]
[Round "1"]
1.e4 e5
2.Ng1f3 Nb8c6
3.Nb1c3 Bf8c5
4.d3 Bc5d4
5.Bc1g5 f6
6.Bg5h4 Ng8e7
7.Bf1e2 d5
8.Qd1d2 dxe4
9.Nc3xe4 Ne7f5
10.c3 Nc6a5
11.cxd4 exd4
12.Qd2xa5 b6
13.Qa5xf5 Bc8xf5
14.Nf3e5 Rh8f8
15.Be2h5 g6
16.Ne4xf6 Rf8xf6
17.Bh4xf6 Qd8xf6
18.Ne5g4 Bf5xg4
19.Bh5xg4 h5
20.Bg4f3 c6
21.O-O c5
22.Rf1e1 Kd8
23.Bf3xa8 Kc7
24.Re1e8 Qf6g7
25.Ra1e1 Qg7d7
26.Re8e7 Kd8
27.Re7xd7 Kxd7
28.Re1e4 Kc7
29.Re4e6 Kd8
30.Re6xg6 Kc8
31.Rg6h6 Kb8
32.Ba8f3 a5
33.Rh6xb6 Ka7
34.Rb6b5 c4
35.dxc4 d3
36.Rb5xh5 d2
37.Rh5xa5 Kb6
38.Ra5d5 d1Q
39.Bf3xd1 { resign }
1-0

[Event "Tourn. n8793"]
[Site "www.chess-mail.com"]
[Date "2016.07.07"]
[Round "1"]
[White "Masteratches"]
[Black "Nimzo"]
[WhiteElo "2650"]
[BlackElo "2840"]
[Result "1/2-1/2"]
[Round "1"]
1.d4 Ng8f6
2.c4 e6
3.Nb1c3 Bf8b4
4.e3 O-O
5.Ng1e2 d5
6.a3 Bb4e7
7.cxd5 exd5
8.Ne2f4 c6
9.Bf1d3 Rf8e8
10.O-O Nb8d7
11.f3 Nd7f8
12.Bd3c2 Be7d6
13.Nf4e2 Nf8g6
14.Kh1 Bc8e6
15.Bc1d2 Ra8c8
16.Bd2e1 c5
17.Qd1d2 cxd4
18.Ne2xd4 Qd8b6
19.Bc2b3 Ng6e7
20.Bb3a2 Bd6e5
21.Be1f2 Ne7c6
22.Ra1c1 Nc6xd4
{ draw }
1/2-1/2

[Event "Tourn. n8812"]
[Site "www.chess-mail.com"]
[Date "2016.07.07"]
[Round "1"]
[White "Romaamor69"]
[Black "Seger"]
[WhiteElo "2330"]
[BlackElo "2770"]
[Result "1/2-1/2"]
[Round "1"]
1.d4 Ng8f6
2.Ng1f3 e6
3.Bc1g5 Bf8e7
4.e3 O-O
5.Bf1d3 h6
6.Bg5h4 b6
7.O-O c5
8.Nb1d2 Nb8c6
9.c3 Bc8b7
10.Rf1e1 d5
11.Ra1c1 Ra8c8
12.Qd1e2 Nf6e4
13.Bh4xe7 Nc6xe7
14.a4 Ne7g6
15.a5 bxa5
16.Qe2d1 cxd4
17.exd4 Qd8b6
18.Qd1c2 Rc8b8
19.Nd2xe4 dxe4
20.Bd3xe4 Bb7xe4
21.Qc2xe4 Qb6xb2
22.c4 { draw }
1/2-1/2

[Event "Tourn. n8812"]
[Site "www.chess-mail.com"]
[Date "2016.07.07"]
[Round "1"]
[White "Paaliaq"]
[Black "Romaamor69"]
[WhiteElo "2520"]
[BlackElo "2330"]
[Result "1-0"]
[Round "1"]
1.e4 e6
2.d4 d5
3.Nb1d2 dxe4
4.Nd2xe4 Nb8d7
5.Ng1f3 Ng8f6
6.Ne4xf6 Nd7xf6
7.c3 Bf8d6
8.Bf1d3 O-O
9.Bc1g5 h6
10.Bg5h4 b6
11.O-O Bc8b7
12.Qd1e2 Bd6f4
13.Bd3c4 Kh8
14.Ra1d1 Qd8d6
15.Bh4xf6 gxf6
16.g3 Rf8g8
17.Rf1e1 Qd6d7
18.d5 exd5
19.Bc4b3 Ra8e8
20.Qe2d3 Re8e6
21.Bb3c2 Rg8g7
22.Nf3d4 Re6xe1
23.Rd1xe1 Bf4e5
24.Nd4f5 Rg7g6
25.Nf5h4 Rg6g7
26.Qd3d2 Qd7e6
27.Qd2xh6 Kg8
28.Nh4f5 Rg7g6
29.Qh6d2 Kf8
30.h4 Qe6d7
31.h5 { resign }
1-0

[Event "Match"]
[Site "www.echecsemail.com"]
[Date "2016.07.07"]
[Round "1"]
[White "Nulladies"]
[Black "Billyg"]
[WhiteElo "1499"]
[BlackElo "1580"]
[Result "1-0"]
[Round "1"]
1.d4 d6
2.Ng1f3 Nb8c6
3.Bc1f4 e6
4.e3 d5
5.c4 Bf8b4
6.Nb1d2 Bb4xd2
7.Qd1xd2 Ng8f6
8.h3 Nf6e4
9.Qd2c2 g5
10.Bf4h2 O-O
11.Nf3d2 Ne4xd2
12.Qc2xd2 Rf8e8
13.Bf1e2 e5
14.O-O Bc8e6
15.Ra1c1 dxc4
16.Be2xc4 Be6xc4
17.Rc1xc4 Qd8f6
18.d5 Ra8d8
19.e4 Qf6g6
20.Qd2c3 Nc6d4
21.Kh1 Nd4b5
22.Qc3b4 Nb5d6
23.Rc4xc7 Nd6xe4
24.f3 Ne4d6
25.Rf1e1 f5
26.Bh2xe5 Nd6f7
27.Be5c3 Re8xe1
28.Bc3xe1 Rd8e8
29.Be1c3 Re8e3
30.Qb4xb7 Nf7d6
31.Qb7xa7 Nd6e8
32.Qa7b8 Kf8
33.Rc7c6 Qg6f7
34.d6 Re3d3
35.Rc6c7 Qf7e6
36.Rc7xh7 Rd3xd6
37.Qb8a7 Rd6d1
38.Kh2 Qe6d6
39.g3 Ne8c7
40.Qa7xc7 Qd6xc7
41.Rh7xc7 Ke8
42.Rc7g7 g4
43.hxg4 Rd1f1
44.Kg2 Rf1c1
45.gxf5 Rc1e1
46.Bc3xe1 { resign }
1-0

[Event "Match"]
[Site "www.echecsemail.com"]
[Date "2016.07.07"]
[Round "1"]
[White "Micheles"]
[Black "Capitaine"]
[WhiteElo "2530"]
[BlackElo "2330"]
[Result "1-0"]
[Round "1"]
1.d4 Ng8f6
2.Ng1f3 g6
3.Bc1g5 Bf8g7
4.Nb1d2 d5
5.e3 O-O
6.Bf1d3 c5
7.c3 Nb8c6
8.O-O Nf6d7
9.Qd1a4 Qd8a5
10.Qa4xa5 Nc6xa5
11.Bg5xe7 Rf8e8
12.Be7xc5 Nd7xc5
13.dxc5 Bc8e6
14.Nf3d4 Ra8c8
15.b4 Na5c6
16.g3 a6
17.Nd2f3 Be6d7
18.Rf1e1 Re8e7
19.Kg2 Rc8e8
20.Ra1b1 Nc6a7
21.Re1d1 Bd7a4
22.Rd1d2 Re8d8
23.g4 Re7d7
24.h4 Na7c8
25.h5 Nc8e7
26.Rb1h1 Ba4c6
27.Bd3c2 Rd7c7
28.g5 Bc6d7
29.a3 Bd7g4
30.hxg6  { time }
1-0

[Event "Match"]
[Site "www.echecsemail.com"]
[Date "2016.07.07"]
[Round "1"]
[White "Tbsundar"]
[Black "Chapi"]
[WhiteElo "2040"]
[BlackElo "2170"]
[Result "0-1"]
[Round "1"]
1.d4 d5
2.c4 c6
3.e3 Ng8f6
4.Nb1d2 Bc8f5
5.Ng1f3 b6
6.Nf3e5 Qd8c7
7.f4 Nf6e4
8.Bf1e2 e6
9.O-O f6
10.Nd2xe4 Bf5xe4
11.Ne5g4 Bf8d6
12.b3 Nb8d7
13.Bc1b2 g5
14.fxg5 fxg5
15.c5 Bd6e7
16.Ng4h6 Rh8f8
17.Be2h5 Be4g6
18.Bh5xg6 hxg6
19.Qd1g4 Rf8h8
20.cxb6 axb6
21.Qg4xe6 O-O-O
22.Ra1c1 Kb7
23.Nh6g4 Be7d6
24.h3 Rd8e8
25.Qe6xg6 Re8e4
26.Rf1f5 Bd6e7
27.Rf5xd5 Re4xg4
28.Rd5xd7 Qc7xd7
29.hxg4 Rh8h4
30.Qg6f5 Qd7d6
31.a4 Qd6g3
32.Qf5d7 Ka6
33.Qd7xe7 Rh4xg4
{ resign }
0-1

[Event "Match"]
[Site "www.echecsemail.com"]
[Date "2016.07.07"]
[Round "1"]
[White "Gilliere"]
[Black "Iko"]
[WhiteElo "2040"]
[BlackElo "1620"]
[Result "1-0"]
[Round "1"]
1.d4 d5
2.c4 Ng8f6
3.c5 e6
4.e3 Bf8e7
5.Nb1c3 O-O
6.Ng1f3 c6
7.Bf1e2 Nb8a6
8.Be2xa6 bxa6
9.Nf3e5 Qd8a5
10.O-O Bc8b7
11.Bc1d2 Qa5c7
12.b4 Nf6e4
13.Nc3xe4 f5
14.Ne4g3 Rf8f6
15.a3 g5
16.Ng3h5 Rf6h6
17.g4 fxg4
18.Qd1xg4 Be7f6
19.Nh5xf6 Rh6xf6
20.Qg4xg5 Qc7g7
21.Qg5xg7 Kxg7
22.f4 Ra8g8
23.Kh1 Kh8
24.Rf1g1 Rg8f8
25.Ne5d7 Rf6f7
26.Nd7xf8 Rf7xf8
27.Rg1g3 Rf8f5
28.Ra1g1 Rf5f8
29.Rg3g7 Rf8g8
30.Rg7xg8 
1-0

[Event "Match"]
[Site "www.echecsemail.com"]
[Date "2016.07.07"]
[Round "1"]
[White "Germancho95"]
[Black "Kampungboy"]
[WhiteElo "1620"]
[BlackElo "1569"]
[Result "0-1"]
[Round "1"]
1.e4 Ng8f6
2.e5 Nf6d5
3.Bf1c4 Nd5b6
4.Bc4b3 c5
5.c3 d5
6.d4 cxd4
7.cxd4 Bc8f5
8.Nb1d2 e6
9.Ng1f3 Nb8c6
10.Nd2f1 Bf8b4
11.Nf3d2 Nc6xd4
12.Nf1g3 Bf5g6
13.O-O O-O
14.a3 Bb4c5
15.Nd2f3 Nd4xb3
16.Qd1xb3 Nb6c4
 { time }
0-1

[Event "1/8 Finale"]
[Site "www.chess-mail.com"]
[Date "2016.07.07"]
[Round "1"]
[White "Senitram"]
[Black "Ecijaajedrez"]
[WhiteElo "2700"]
[BlackElo "2360"]
[Result "1/2-1/2"]
[Round "1"]
1.Ng1f3 d5
2.d4 Ng8f6
3.c4 e6
4.Nb1c3 Bf8e7
5.Bc1f4 O-O
6.e3 c5
7.dxc5 Be7xc5
8.Bf1e2 dxc4
9.Be2xc4 Qd8xd1
10.Ra1xd1 a6
11.O-O b5
12.Bc4e2 Bc8b7
13.Nf3e5 Rf8c8
14.Rd1d2 Bc5b4
15.Rf1d1 Nf6d5
16.Nc3xd5 Bb7xd5
17.Rd2d4 Bb4e7
18.Be2g4 Bd5xa2
19.Rd1a1 Ba2b3
20.Rd4d3 Bb3c4
21.Ne5xc4 Rc8xc4
22.Bg4f3 Nb8c6
23.Rd3d7 Ra8c8
24.b3 Rc4c3
25.h3 e5
26.Bf3xc6 exf4
27.Bc6xb5 fxe3
28.Bb5c4 exf2
29.Kxf2 Rc8e8
30.Kg1 Kf8
31.Ra1xa6 g5
32.Ra6h6 Be7c5
33.Kh2 Kg7
34.Rh6e6 Re8xe6
35.Bc4xe6 Bc5d6
36.Kg1 Kf6
37.Be6xf7 Bd6g3
38.Bf7c4 Rc3c1
39.Bc4f1 h5
40.Rd7d3 h4
41.b4 Bg3f4
42.b5 Kf5
43.Rd3a3 Ke4
44.Kf2 Bf4g3
45.Kg1 { draw }
1/2-1/2

[Event "Tourn. n8833"]
[Site "www.chess-mail.com"]
[Date "2016.07.08"]
[Round "1"]
[White "Frisker"]
[Black "Genius9"]
[WhiteElo "1809"]
[BlackElo "1900"]
[Result "1-0"]
[Round "1"]
1.d4 Ng8f6
2.Ng1f3 g6
3.c4 Bf8g7
4.Nb1c3 d5
5.Qd1b3 dxc4
6.Qb3xc4 O-O
7.e4 c6
8.Bf1e2 Nb8d7
9.e5 Nd7b6
10.exf6 Nb6xc4
11.fxg7 Kxg7
12.Be2xc4 Bc8g4
13.d5 Bg4xf3
14.gxf3 cxd5
15.Bc4xd5  { time }
1-0

[Event "Tourn. n8657"]
[Site "www.chess-mail.com"]
[Date "2016.07.08"]
[Round "1"]
[White "Falcoale"]
[Black "Cardiff"]
[WhiteElo "1730"]
[BlackElo "1600"]
[Result "0-1"]
[Round "1"]
1.e4 d6
2.d4 g6
3.b3 Bf8g7
4.Bc1b2 c5
5.Ng1f3 cxd4
6.Nf3xd4 Ng8f6
7.Nb1d2 O-O
8.Bf1d3 Nb8c6
9.Nd4b5 a6
10.Nb5c3 Nc6e5
11.Bd3e2 h5
12.O-O Bc8d7
13.f4 Ne5g4
14.Rf1f3 Qd8b6
15.Kh1 Ng4f2
16.Rf3xf2 Qb6xf2
17.Be2f3 Qf2b6
18.Nd2c4 Qb6d8
19.Nc3d5 Nf6xd5
20.Bb2xg7 Kxg7
21.Qd1xd5 Bd7e6
22.Qd5d4 Kg8
23.Nc4e3 Qd8c7
24.f5 Be6d7
25.c4 Qc7c5
26.Qd4xc5 dxc5
27.Ra1d1 Bd7c6
28.Ne3d5 Bc6xd5
29.exd5 Ra8b8
30.g4 hxg4
31.Bf3xg4 b5
32.Rd1e1 Rf8e8
33.fxg6 f6
34.Re1g1 Kg7
35.Bg4e6 Re8h8
36.Be6f7 bxc4
37.bxc4 Rb8b2
38.Rg1g2 Rb2b1
39.Rg2g1 Rb1xg1
40.Kxg1 Rh8h4
41.Kf2 Rh4xh2
42.Kf3 Rh2xa2
43.Ke4 a5
44.Kf5 a4
45.Ke6 Ra2e2
46.Kd7 a3
47.Kc6 a2
{ resign }
0-1

[Event "Tourn. n8762"]
[Site "www.chess-mail.com"]
[Date "2016.07.08"]
[Round "1"]
[White "Derfel83"]
[Black "Ipolit"]
[WhiteElo "2100"]
[BlackElo "2129"]
[Result "0-1"]
[Round "1"]
1.c4 e6
2.Nb1c3 d5
3.cxd5 exd5
4.g3 Ng8f6
5.Bf1g2 Bf8e7
6.Qd1b3 c6
7.d3 Nb8d7
8.Ng1f3 Nd7c5
9.Qb3c2 Bc8f5
10.O-O O-O
11.Nf3h4 Bf5g4
12.f3 Bg4e6
13.d4 Nc5a6
14.a3 Qd8d7
15.Bc1g5 h6
16.Bg5xh6 gxh6
17.Qc2d2 Kg7
18.f4 Be6h3
19.f5 Bh3xg2
20.Nh4xg2 Na6c7
21.Ra1e1 Ra8e8
22.Rf1f4 Nc7b5
23.Rf4h4 Rf8h8
24.Qd2d3 Nb5xc3
25.Qd3xc3 Nf6e4
26.Rh4g4 Be7g5
27.Qc3f3 h5
28.Rg4xg5 Ne4xg5
{ resign }
0-1

[Event "Tourn. n8849"]
[Site "www.chess-mail.com"]
[Date "2016.07.08"]
[Round "1"]
[White "Falcoale"]
[Black "Cal"]
[WhiteElo "1660"]
[BlackElo "1640"]
[Result "0-1"]
[Round "1"]
1.e4 e5
2.Ng1f3 d6
3.Bf1c4 h6
4.d4 Ng8f6
5.Bc4d3 exd4
6.Nf3xd4 c5
7.Nd4f3 Nb8c6
 { time }
0-1

[Event "Tourn. n8833"]
[Site "www.chess-mail.com"]
[Date "2016.07.08"]
[Round "1"]
[White "Genius9"]
[Black "Kampungboy"]
[WhiteElo "1850"]
[BlackElo "1849"]
[Result "0-1"]
[Round "1"]
1.c4 Ng8f6
2.Nb1c3 e5
3.g3 Nb8c6
4.Bf1g2 Bf8c5
5.e3 a6
6.Ng1e2 O-O
7.O-O d6
8.d4 exd4
9.exd4 Bc5a7
10.Bc1g5 h6
11.Bg5xf6 Qd8xf6
12.Qd1d2 Nc6xd4
13.Ne2xd4 Qf6xd4
 { time }
0-1

[Event "Tourn. n8807"]
[Site "www.chess-mail.com"]
[Date "2016.07.08"]
[Round "1"]
[White "Genius9"]
[Black "Wwgia"]
[WhiteElo "1840"]
[BlackElo "1990"]
[Result "0-1"]
[Round "1"]
1.Ng1f3 Ng8f6
2.d4 g6
3.g3 Bf8g7
4.Bf1g2 O-O
5.O-O d6
6.Nb1d2 Nb8d7
7.c4 e5
8.e3 Rf8e8
9.b3 c6
10.Bc1b2 Qd8c7
11.dxe5 dxe5
12.e4 a5
13.Qd1c2 b6
 { time }
0-1

[Event "Tourn. n8834"]
[Site "www.chess-mail.com"]
[Date "2016.07.08"]
[Round "1"]
[White "Falcoale"]
[Black "Redabond"]
[WhiteElo "1630"]
[BlackElo "1640"]
[Result "0-1"]
[Round "1"]
1.e4 e5
2.Ng1f3 Nb8c6
3.d4 d6
4.dxe5 dxe5
5.Qd1xd8 Nc6xd8
6.Nf3xe5 Ng8f6
7.Nb1c3 Bf8b4
8.Bc1d2 O-O
9.f3 Rf8e8
10.Ne5d3 Bb4xc3
11.Bd2xc3 Nd8c6
12.O-O-O Bc8e6
13.Bc3xf6 gxf6
 { time }
0-1

[Event "Tourn. n8850"]
[Site "www.chess-mail.com"]
[Date "2016.07.08"]
[Round "1"]
[White "Guidom"]
[Black "Libiesse"]
[WhiteElo "2030"]
[BlackElo "2020"]
[Result "1/2-1/2"]
[Round "1"]
1.e4 c5
2.Ng1f3 e6
3.d3 Nb8c6
4.Bf1e2 d5
5.exd5 exd5
6.O-O Bf8e7
7.Bc1f4 Ng8f6
8.c3 O-O
9.Nb1d2 Be7d6
10.Bf4g5 Bc8e6
11.d4 cxd4
12.Nf3xd4 Nc6xd4
13.cxd4 Bd6e7
14.Nd2f3 h6
15.Bg5h4 Qd8d7
16.Nf3e5 Qd7d6
17.Bh4g3 Qd6b6
18.b3 Rf8d8
19.Qd1d3 Ra8c8
20.Rf1c1 Be7a3
21.Rc1xc8 Rd8xc8
22.h3 Ba3b2
23.Ra1d1 Rc8c1
24.Rd1xc1 Bb2xc1
25.f4 Bc1b2
26.Ne5f3 Nf6e4
27.Bg3f2 Qb6d6
{ draw }
1/2-1/2